Filmographie de John Williams par images - #2 - Statistiques

Statistiques générales
  • Ce quiz a été pris 158 fois
  • Le résultat moyen est 9 sur 13
Statistiques - réponses
Par images Hint Réponse % Correct
2001 Harry Potter à l'école des sorciers
100%
1978 Superman
99%
1993 Jurassic Park
97%
1990 Maman, j'ai raté l'avion !
97%
1981 Les Aventuriers de l'arche perdue
96%
1999 Star Wars, épisode I : La Menace fantôme
84%
1977 Star Wars, Épisode IV : Un nouvel espoir
79%
2002 Arrête-moi si tu peux
57%
2005 La Guerre des Mondes
51%
2011 Cheval de Guerre
45%
1997 Sept ans au Tibet
44%
2022 The Fabelmans
39%
1987 Empire du soleil
17%
Aucun quiz correspondant
Distribution des résultats
% des personnes avec chaque résultat
Percentile par nombre de réponses
Votre historique - résultats
Vous n’avez pas pris ce quiz